[Event "UK Armed Forces-ch"]
[Site "Wittering"]
[Date "2023.04.16"]
[Round "6"]
[White "Peacock, Christopher D"]
[Black "Hill, Thomas Richard Cock"]
[Result "0-1"]
[WhiteElo "1041"]
[BlackElo "1450"]
[PlyCount "54"]
[EventDate "2023.04.14"]
[EventType "swiss"]
[EventRounds "7"]
[EventCountry "ENG"]
[SourceTitle "EXT 2024"]
[Source "ChessBase"]
[SourceDate "2023.10.10"]
[SourceVersion "1"]
[SourceVersionDate "2023.10.10"]
[SourceQuality "1"]

1. e4 e5 2. Nc3 Bc5 3. Bc4 Nc6 4. d3 Nf6 5. f4 d6 6. f5 Nd4 7. Nf3 Bd7 8. a3 Qe7 9. b4 Bb6 10. Bg5 Nxf3+ 11. Qxf3 0-0-0 12. Nd5 Qf8 13. Nxf6 gxf6 14. Bxf6 Bd4 15. Rb1 Bc3+ 16. Ke2 Qh6 17. Qe3 Qxf6 18. Qxa7 c6 19. Qa8+ Kc7 20. Qa5+ Kb8 21. Rb3 Bd4 22. b5 Qg5 23. bxc6 Qe3+ 24. Kd1 Bxc6 25. Qa6 Bc3 26. Rxc3 bxa6 27. Bxa6 Rhg8 0-1

[Event "UK Armed Forces-ch"]
[Site "Wittering"]
[Date "2023.04.14"]
[Round "1"]
[White "Millener, Richard"]
[Black "Peacock, Christopher D"]
[Result "1-0"]
[WhiteElo "1740"]
[BlackElo "1041"]
[PlyCount "95"]
[EventDate "2023.04.14"]
[EventType "swiss"]
[EventRounds "7"]
[EventCountry "ENG"]
[SourceTitle "EXT 2024"]
[Source "ChessBase"]
[SourceDate "2023.10.10"]
[SourceVersion "1"]
[SourceVersionDate "2023.10.10"]
[SourceQuality "1"]

1. d4 d5 2. Bg5 Nf6 3. Nd2 g6 4. e3 Bg7 5. Bd3 0-0 6. Ngf3 Bg4 7. h3 Bxf3 8. Nxf3 Nc6 9. c3 Re8 10. 0-0 e5 11. Bb5 e4 12. Ne5 Re6 13. Bxc6 bxc6 14. f3 Qc8 15. fxe4 Nxe4 16. Nxf7 Nxg5 17. Nxg5 Rxe3 18. Rf3 Rxf3 19. Qxf3 Qf8 20. Qg4 Re8 21. Rf1 Bf6 22. Qd7 Re7 23. Qxc6 Kg7 24. Ne6+ Rxe6 25. Qxe6 Qf7 26. Qa6 Qe7 27. Qd3 Bg5 28. Qf3 Qe3+ 29. Qxe3 Bxe3+ 30. Kh2 Kh6 31. Rf7 Bc1 32. b3 g5 33. g3 Kg6 34. Rxc7 Bb2 35. Kg2 Kf5 36. Kf3 h5 37. g4+ hxg4+ 38. hxg4+ Kf6 39. Ke3 a6 40. Kd3 Bc1 41. Rc6+ Ke7 42. Rxa6 Kd7 43. c4 dxc4+ 44. bxc4 Kc7 45. c5 Kb7 46. Rb6+ Kc7 47. a4 Bf4 48. a5 1-0